[Event "Naantali op"]
[Site "Naantali"]
[Date "2015.07.02"]
[Round "6"]
[White "Uusitalo, Raimo"]
[Black "Stockfelt, Jesse"]
[Result "1-0"]
[WhiteElo "1705"]
[BlackElo "1425"]
[PlyCount "45"]
[EventDate "2015.06.29"]
[EventType "swiss"]
[EventRounds "9"]
[EventCountry "FIN"]
[SourceTitle "EXT 2016"]
[Source "ChessBase"]
[SourceDate "2015.10.08"]
[SourceVersion "1"]
[SourceVersionDate "2015.10.08"]
[SourceQuality "1"]

1. e4 g6 2. d4 Bg7 3. c3 d6 4. f4 e6 5. Nf3 Ne7 6. Bd3 d5 7. 0-0 0-0 8. Be3 b6 9. Nbd2 Bb7 10. e5 Nd7 11. h4 c5 12. Kf2 Nf5 13. Bxf5 gxf5 14. Rh1 h6 15. Qg1 f6 16. h5 Kf7 17. Nh4 Rg8 18. Rh3 Rc8 19. Ndf3 cxd4 20. Bxd4 Bf8 21. Qe1 Nc5 22. Nd2 Nd3+ 23. Rxd3 1-0

[Event "Naantali op"]
[Site "Naantali"]
[Date "2015.06.30"]
[Round "2"]
[White "Uusitalo, Raimo"]
[Black "Kotilainen, Ari"]
[Result "1-0"]
[WhiteElo "1705"]
[BlackElo "2019"]
[PlyCount "149"]
[EventDate "2015.06.29"]
[EventType "swiss"]
[EventRounds "9"]
[EventCountry "FIN"]
[SourceTitle "EXT 2016"]
[Source "ChessBase"]
[SourceDate "2015.10.08"]
[SourceVersion "1"]
[SourceVersionDate "2015.10.08"]
[SourceQuality "1"]

1. e4 c6 2. c4 d5 3. cxd5 cxd5 4. exd5 Nf6 5. Nc3 g6 6. Bc4 Bg7 7. Nge2 0-0 8. 0-0 Nbd7 9. d4 Nb6 10. Bb3 Nbxd5 11. Nf4 Nb6 12. h3 a6 13. Be3 Bd7 14. Qd2 Rc8 15. Rac1 Nc4 16. Qe2 Nxe3 17. fxe3 e6 18. Nd3 Qe7 19. Ne5 Nh5 20. Nxd7 Qxd7 21. Qf3 Nf6 22. Na4 Rxc1 23. Rxc1 Rc8 24. Rxc8+ Qxc8 25. Nc3 b5 26. a3 Nd7 27. Qf2 Qb7 28. Qf3 Qxf3 29. gxf3 e5 30. d5 Kf8 31. e4 Bh6 32. Kf2 Nc5 33. Bc2 Ke7 34. Ke2 Bc1 35. b4 Nd7 36. a4 bxa4 37. Bxa4 Nb6 38. Bc6 Ba3 39. Na2 Kd6 40. Bb7 f5 41. Bxa6 fxe4 42. fxe4 g5 43. Kf2 h5 44. Be2 h4 45. Kf3 Ke7 46. Kg4 Kf6 47. d6 Ke6 48. Kxg5 Kxd6 49. Kxh4 Nd7 50. Kg5 Ke7 51. Kg6 Nf8+ 52. Kf5 Bb2 53. h4 Ne6 54. Bg4 Kf7 55. Bh5+ Ke7 56. Bg6 Ng7+ 57. Kg4 Kf6 58. h5 Ne6 59. Bf5 Ng5 60. h6 Nf7 61. h7 Kg7 62. b5 Bd4 63. Nb4 Nd6 64. Nd5 Nxb5 65. Kh5 Nd6 66. Bg6 Nc4 67. Ne7 Ne3 68. Nc6 Bc3 69. Nd8 Ng2 70. Bf5 Nf4+ 71. Kg4 Ng2 72. Nf7 Ne3+ 73. Kf3 Nxf5 74. h8Q+ Kxf7 75. Qh5+ 1-0

[Event "Naantali op"]
[Site "Naantali"]
[Date "2014.07.03"]
[Round "5"]
[White "Rantamo, Keijo"]
[Black "Uusitalo, Raimo"]
[Result "1/2-1/2"]
[WhiteElo "1801"]
[BlackElo "1527"]
[PlyCount "109"]
[EventDate "2014.06.30"]
[EventType "swiss"]
[EventRounds "9"]
[EventCountry "FIN"]
[SourceTitle "CBM 161 Extra"]
[Source "ChessBase"]
[SourceDate "2014.08.29"]
[SourceVersion "1"]
[SourceVersionDate "2014.08.29"]
[SourceQuality "1"]

1. d4 d5 2. Nf3 Nf6 3. Bf4 e6 4. e3 c5 5. dxc5 Bxc5 6. Nbd2 0-0 7. Be2 Nbd7 8. Ne5 Nxe5 9. Bxe5 b6 10. 0-0 Bb7 11. Nf3 Rc8 12. c3 Re8 13. Rc1 Ng4 14. Qd2 Nxe5 15. Nxe5 f6 16. Nd3 Bd6 17. Rfe1 Qc7 18. h3 a5 19. Bd1 Qf7 20. Nf4 Kh8 21. Bb3 f5 22. a3 Rcd8 23. Kf1 Ba6+ 24. Kg1 Bb7 25. Rcd1 Bc5 26. Qe2 Qf6 27. Rd2 Bd6 28. Red1 Qe5 29. g3 Qf6 30. Qb5 Bc7 31. Ba4 Qf7 32. Qe2 Rf8 33. Qh5 Qxh5 34. Nxh5 g6 35. Nf4 Bc8 36. Bb3 Bxf4 37. exf4 Bb7 38. c4 a4 39. Bxa4 Rd6 40. b4 Ra8 41. Bb5 Rxa3 42. c5 bxc5 43. bxc5 Rd8 44. Rc1 Rb3 45. Bf1 Rc8 46. Ra2 Kg7 47. Ra7 Rc6 48. g4 h6 49. Ra5 Kf6 50. Rb5 Rxb5 51. Bxb5 Rc7 52. Kf1 g5 53. fxg5+ hxg5 54. Ke2 e5 55. Kd2 1/2-1/2

[Event "Naantali op"]
[Site "Naantali"]
[Date "2014.07.02"]
[Round "4"]
[White "Uusitalo, Raimo"]
[Black "Leino, Pauli"]
[Result "1/2-1/2"]
[WhiteElo "1527"]
[BlackElo "1890"]
[PlyCount "82"]
[EventDate "2014.06.30"]
[EventType "swiss"]
[EventRounds "9"]
[EventCountry "FIN"]
[SourceTitle "CBM 161 Extra"]
[Source "ChessBase"]
[SourceDate "2014.08.29"]
[SourceVersion "1"]
[SourceVersionDate "2014.08.29"]
[SourceQuality "1"]

1. e4 e5 2. Nf3 Nc6 3. Bb5 a6 4. Ba4 d6 5. Bxc6+ bxc6 6. d4 f6 7. dxe5 fxe5 8. h3 Nf6 9. Bg5 Be7 10. Nc3 0-0 11. 0-0 h6 12. Bxf6 Bxf6 13. Qd2 Rb8 14. b3 Kh7 15. Rad1 Qe7 16. Ne2 g5 17. g4 h5 18. Nh2 hxg4 19. hxg4 Kg6 20. f3 Be6 21. c4 Rfd8 22. Nc3 Rd7 23. Rf2 Rbd8 24. Qe3 Qh7 25. Nf1 Qg8 26. Qe2 Ra8 27. Ne3 Rh7 28. Rh2 Qh8 29. Rxh7 Qxh7 30. Qh2 Qxh2+ 31. Kxh2 a5 32. Kg2 Bf7 33. Nf5 Be8 34. Ne3 Bd8 35. a4 Rb8 36. Rb1 c5 37. Kf2 c6 38. Nf5 Bc7 39. Ne3 Bf7 40. Kg3 Be6 41. Kf2 Rh8 1/2-1/2

[Event "FIN-ch op"]
[Site "Naantali"]
[Date "2013.07.06"]
[Round "8.19"]
[White "Uusitalo, Raimo"]
[Black "Salvi, Tuomas"]
[Result "0-1"]
[WhiteElo "1594"]
[BlackElo "1525"]
[PlyCount "82"]
[EventDate "2013.07.01"]
[EventType "swiss"]
[EventRounds "9"]
[EventCountry "FIN"]
[SourceTitle "EXT 2022"]
[Source "ChessBase"]
[SourceDate "2021.10.06"]
[SourceVersion "1"]
[SourceVersionDate "2021.10.06"]
[SourceQuality "1"]

1. e4 d6 2. d4 Nf6 3. Bd3 g6 4. f4 Bg7 5. c3 0-0 6. Nf3 c6 7. 0-0 Nbd7 8. h3 e5 9. fxe5 dxe5 10. Be3 Re8 11. Nbd2 Nh5 12. Bf2 Nf4 13. Bc2 Qb6 14. Nc4 Qc7 15. Re1 f6 16. Bb3 Kh8 17. dxe5 Nxe5 18. Nfxe5 fxe5 19. Nd6 Rf8 20. Nc4 Bxh3 21. g3 Rad8 22. Qc2 Nd3 23. Re2 Nxf2 24. Rxf2 Rxf2 25. Qxf2 Rf8 26. Qe2 b5 27. Ne3 Bh6 28. Kh2 Qc8 29. a4 a6 30. Rd1 Bxe3 31. Qxe3 Bg4 32. Re1 Qd7 33. Kg2 Rf3 34. Qc5 Rxg3+ 35. Kh2 Rh3+ 36. Kg1 Qe8 37. Kg2 Rh5 38. Kg3 Qd8 39. Kxg4 Qg5+ 40. Kf3 Qf4+ 41. Ke2 Rh2+ 0-1

[Event "FIN-ch op"]
[Site "Naantali"]
[Date "2013.07.04"]
[Round "5"]
[White "Smeds, Tom"]
[Black "Uusitalo, Raimo"]
[Result "1-0"]
[WhiteElo "1866"]
[BlackElo "1594"]
[PlyCount "79"]
[EventDate "2013.07.01"]
[EventType "swiss"]
[EventRounds "9"]
[EventCountry "FIN"]
[SourceTitle "EXT 2014"]
[Source "ChessBase"]
[SourceDate "2013.11.20"]
[SourceVersion "1"]
[SourceVersionDate "2013.11.20"]
[SourceQuality "1"]

1. c4 c6 2. Nf3 Nf6 3. g3 e6 4. Bg2 d5 5. b3 g6 6. 0-0 Bg7 7. Bb2 0-0 8. d3 Nbd7 9. Nbd2 Re8 10. Ne5 c5 11. e3 Nb6 12. Ndf3 Nfd7 13. Qc2 Nxe5 14. Bxe5 f6 15. Bb2 Qe7 16. Rac1 dxc4 17. bxc4 e5 18. a4 Be6 19. a5 Nd7 20. Nd2 Rab8 21. Ra1 a6 22. Bd5 Red8 23. e4 Kh8 24. f4 f5 25. Nf3 Bxd5 26. cxd5 exf4 27. gxf4 Nf6 28. Ng5 Re8 29. Ne6 Nh5 30. Nxg7 Nxg7 31. e5 Rbc8 32. Qc4 h6 33. Kh1 Qh4 34. e6 Kh7 35. Bxg7 Kxg7 36. d6 Rc6 37. Qd5 Qf6 38. Rab1 Qxe6 39. Rxb7+ Kf6 40. Qxc6 1-0

[Event "FIN-ch op"]
[Site "Naantali"]
[Date "2013.07.02"]
[Round "3"]
[White "Raivio, Erkki"]
[Black "Uusitalo, Raimo"]
[Result "1/2-1/2"]
[WhiteElo "1755"]
[BlackElo "1594"]
[PlyCount "41"]
[EventDate "2013.07.01"]
[EventType "swiss"]
[EventRounds "9"]
[EventCountry "FIN"]
[SourceTitle "EXT 2014"]
[Source "ChessBase"]
[SourceDate "2013.11.20"]
[SourceVersion "1"]
[SourceVersionDate "2013.11.20"]
[SourceQuality "1"]

1. Nf3 d5 2. g3 Nf6 3. Bg2 g6 4. 0-0 Bg7 5. d3 0-0 6. Nbd2 Nbd7 7. c3 b6 8. e4 dxe4 9. Nxe4 Nxe4 10. dxe4 Bb7 11. Qc2 e5 12. Rd1 Qe7 13. Bg5 f6 14. Be3 Rad8 15. Nh4 Kh8 16. Rd2 Nc5 17. Rad1 Rxd2 18. Rxd2 Ne6 19. Qd1 Rd8 20. Rxd8+ Qxd8 21. Qxd8+ 1/2-1/2

[Event "FIN-ch op"]
[Site "Naantali"]
[Date "2013.07.01"]
[Round "1"]
[White "Alkkiomaki, Jyrki"]
[Black "Uusitalo, Raimo"]
[Result "1-0"]
[WhiteElo "1977"]
[BlackElo "1594"]
[PlyCount "27"]
[EventDate "2013.07.01"]
[EventType "swiss"]
[EventRounds "9"]
[EventCountry "FIN"]
[SourceTitle "EXT 2014"]
[Source "ChessBase"]
[SourceDate "2013.11.20"]
[SourceVersion "1"]
[SourceVersionDate "2013.11.20"]
[SourceQuality "1"]

1. e4 c5 2. Nf3 Nf6 3. Nc3 Nc6 4. d4 cxd4 5. Nxd4 e5 6. Ndb5 d6 7. Bg5 Be7 8. Bxf6 gxf6 9. Nd5 Kf8 10. Qh5 a6 11. Qh6+ Kg8 12. Nbc3 Be6 13. 0-0-0 b5 14. Rd3 1-0

[Event "Naantali op"]
[Site "Naantali"]
[Date "2012.07.04"]
[Round "4"]
[White "Uusitalo, Raimo"]
[Black "Valkonen, Jouni"]
[Result "0-1"]
[WhiteElo "1566"]
[BlackElo "1627"]
[PlyCount "96"]
[EventDate "2012.07.02"]
[EventType "swiss"]
[EventRounds "9"]
[EventCountry "FIN"]
[SourceTitle "CBM 149 Extra"]
[Source "ChessBase"]
[SourceDate "2012.08.24"]
[SourceVersion "1"]
[SourceVersionDate "2012.08.24"]
[SourceQuality "1"]

1. e4 c5 2. c3 Nc6 3. d4 cxd4 4. cxd4 Qb6 5. Nf3 g6 6. Na3 Bg7 7. Nc4 Qc7 8. Be2 a6 9. 0-0 b5 10. Ne3 d6 11. b3 Nf6 12. Qc2 Qb6 13. Bb2 Bb7 14. a3 Rc8 15. Qd3 0-0 16. Rac1 Nh5 17. Nd5 Qd8 18. g3 e6 19. Ne3 Nf6 20. Nd2 Qb6 21. d5 exd5 22. Bxf6 Bxf6 23. Nxd5 Qd8 24. Nxf6+ Qxf6 25. Nf3 Ne5 26. Nxe5 Qxe5 27. Rxc8 Rxc8 28. f3 Qc5+ 29. Kg2 Qxa3 30. Bd1 Rd8 31. Qd4 Qc5 32. Qd2 d5 33. Bc2 Qe7 34. Qf4 dxe4 35. Bxe4 Bxe4 36. fxe4 Rd4 37. Qb8+ Kg7 38. e5 Rd2+ 39. Rf2 Rxf2+ 40. Kxf2 Qc5+ 41. Kg2 Qc2+ 42. Kh3 Qxb3 43. Qc7 Qe6+ 44. Kg2 Qa2+ 45. Kh3 b4 46. Qd6 Qe6+ 47. Kg2 Qxd6 48. exd6 Kf6 0-1

[Event "Naantali op"]
[Site "Naantali"]
[Date "2012.07.03"]
[Round "2"]
[White "Uusitalo, Raimo"]
[Black "Tocklin, Tomi"]
[Result "0-1"]
[WhiteElo "1566"]
[BlackElo "1852"]
[PlyCount "108"]
[EventDate "2012.07.02"]
[EventType "swiss"]
[EventRounds "9"]
[EventCountry "FIN"]
[SourceTitle "CBM 149 Extra"]
[Source "ChessBase"]
[SourceDate "2012.08.24"]
[SourceVersion "1"]
[SourceVersionDate "2012.08.24"]
[SourceQuality "1"]

1. e4 c6 2. c4 d5 3. cxd5 cxd5 4. exd5 Nf6 5. Nf3 Nxd5 6. Bb5+ Nc6 7. 0-0 e6 8. Nc3 Be7 9. Ne5 Qd6 10. Nxc6 bxc6 11. Be2 0-0 12. d4 Rd8 13. Qd2 Nxc3 14. bxc3 Bb7 15. Qf4 c5 16. Qxd6 Bxd6 17. Be3 Rac8 18. Rfc1 Be4 19. f3 Bg6 20. a4 Rc7 21. dxc5 Bxc5 22. Bxc5 Rxc5 23. Kf2 Kf8 24. Ra2 Ke7 25. Rb2 Rd7 26. Rb4 Rdc7 27. Rb3 e5 28. c4 Bf5 29. Rb5 Be6 30. Rxc5 Rxc5 31. Ra1 Ra5 32. Bd1 Kd6 33. Ke3 Bf5 34. Kd2 Kc5 35. Kc3 Ra6 36. Ra2 Rd6 37. Be2 a5 38. Rb2 Bd7 39. Ra2 Rb6 40. Bd3 Rb4 41. Re2 f6 42. f4 exf4 43. Re7 Bxa4 44. Rxg7 Rb3+ 45. Kd2 Kd4 46. Be2 Rb2+ 47. Ke1 Bc6 48. h3 Ke3 49. Re7+ Be4 50. Bf3 f5 51. c5 Rb1+ 52. Bd1 Rc1 53. Re5 Kd4 54. Kd2 Rxd1+ 0-1